The Code of Civil Procedure / (Record no. 216092)

MARC details
000 -LEADER
fixed length control field 00699nam a22002057a 4500
005 - DATE AND TIME OF LATEST TRANSACTION
control field 20260507140219.0
010 ## - LCCN (DPL NO)
LC control number ENG-148160
020 ## - INTERNATIONAL STANDARD BOOK NUMBER
International Standard Book Number 9789391211318
Terms of availability 4195.00
035 ## - SYSTEM CONTROL NUMBER
System control number EN-131692
037 ## - SOURCE OF ACQUISITION
Source of stock number/acquisition DBAD
082 ## - DEWEY DECIMAL CLASSIFICATION NUMBER
Classification number 347.540502448
Edition number 18
100 ## - MAIN ENTRY--PERSONAL NAME
Personal name Naidu, Dama Seshadri
245 ## - TITLE STATEMENT
Title The Code of Civil Procedure /
Statement of responsibility, etc Dama Seshadri Naidu [and] Namit Saxena
250 ## - EDITION STATEMENT
Edition statement 18
260 ## - PUBLICATION, DISTRIBUTION, ETC. (IMPRINT)
Place of publication, distribution, etc Haryana
Name of publisher, distributor, etc LexisNexis
Date of publication, distribution, etc 2024
270 ## - ADDRESS
City Haryana
Address 14th floor,Building No 10,Tower-B,DLF Cyber City,Phase-II
Postal code 122002
Telephone number 911244774444
Electronic mail address help.in@lexisnexis.com
300 ## - PHYSICAL DESCRIPTION
Extent cclxvui,2031p
Dimensions 24cm (hb)
700 ## - ADDED ENTRY--PERSONAL NAME
Personal name Saxena, Namit
Relator term Author
942 ## - ADDED ENTRY ELEMENTS (KOHA)
Source of classification or shelving scheme Dewey Decimal Classification
Item type English Books
Classification part 347.5405024468
Call number suffix NAI
Holdings
Withdrawn status Lost status Not for loan Collection code Home library Current library Date acquired Source of acquisition Cost, normal purchase price Full call number Barcode Copy number Cost, replacement price Koha item type
    Not For Loan Reference Sarojini Nagar Sarojini Nagar 07/04/2026 Delivery of Books Act Division 4195.00 347.5405024468 NAI EN-131692 1 4195.00 English Books

© Delhi Public Library
Hit Counter
free hit counter